Statistics for Lord of the Rings The Two Towers

Click here to take the quiz!

General Stats

  • This quiz has been taken 52 times
  • The average score is 19 of 21

Answer Stats

HintAnswer% Correct
Who accompanies the ring-bearer, another hobbitSamwise Gamgee
100%
Who is the ranger, also known as StriderAragorn
98%
Who is the elf that accompanies the RangerLegolas
98%
Who are the living treesEnts
96%
Who is the ring-bearerFrodo Baggins
96%
Who is the dwarf the accompanies the Ranger and the ElfGimli
96%
Who is the former owner of the ring that accompanies the two hobbits on their quest as a guideGollum
96%
Who is the other hobbit that starts with M that was captured by the Uruk-HaiMerry
96%
Who is the hobbit that starts with P that was captured by the Uruk-HaiPippin
96%
Who is the Evil WizardSaruman
96%
Who is the leader of the living treesTreebeard
96%
What is the ancient fiery creature, the wizard kills itBalrog
94%
Who is the wizard that battles the ancient creature, becomes a new wizard, taking the place of the evil wizardGandalf the Grey
92%
Who is the King's nieceEowyn
88%
What is Rohan's secret castle called that the King moves his people to, a big battle is fought thereHelm's Deep
88%
Who is the king of Rohan, his mind was poisoned by the evil wizard and his apprenticeTheoden
85%
Who is the leader of the exiled Rohan army Eomer
81%
Who is the Evil Wizards apprenticeGrima Wormtongue
75%
Where do the two hobbits escape to, its a forestFangorn Forest
69%
What is Rohan's capitol city calledEdoras
67%
Who are the exiled army of the country Rohan Rohirrim
67%

Score Distribution

Percentile by Number Answered

Percent of People with Each Score

Your Score History

You have not taken this quiz